000 00625nam a2200193Ia 4500
005 20250508165813.0
008 008 250505s9999 xx 000 0 eng d
037 _aTextual
040 _aFEDL
_beng
_cFEDL
041 _aeng
_2eng
084 _a362.712, SWA
_qFEDL
100 _aSwaminathan Mina
245 0 _aWho cares?: A study of child care facilities for low- income working women in India
260 _aNew Delhi, India
_bCentre for Women's Development Studies
_c1985
300 _axi, 159p.
546 _aGifted by Prof. Krishna Kumar
942 _cTEXL
_h362.712, SWA
999 _c1397556
_d1397556